000 00586nam a2200241 a 4500
001 0001-1341
003 ELIB.Books
008 150831 2010 eng
020 _a0849952263
035 _a(ELIB.Books)0001-1496
092 _a232
_bLuc
100 _aLucado, Max.
245 _aThe Greatest Moments
260 _aHong Kong
_bWord Publishing
_c1995
300 _a125
_c14 Cm
500 _aDr. Min Oo
650 _aJesus Christ
856 _nKBTS: Library
_uKBTS: Elib
942 _2ddc
_cBK
990 _a1
998 _cbat
_e2015-08-31
999 _c11341
_d11341